Catalog

Record Details

Catalog Search



The King¨s Writ : A Quarterly Journal of Bible Study. Vol.I 1923-24 Cover Image Book Book

The King¨s Writ : A Quarterly Journal of Bible Study. Vol.I 1923-24 D.M. M¨Intyre

M¨Intyre, D.M. (Author).

Record details

  • Physical Description: 296 p.
  • Publisher: London and Glasgow Pickering and Inglis 1924

Available copies

  • 1 of 1 copy available at Common Catalog SPOK.

Holds

  • 0 current holds with 1 total copy.
Show Only Available Copies
Location Call Number / Copy Notes Barcode Shelving Location Status Due Date
ETS Library 220.61 424470012863 Volný výběr Available -

LDR 00640nam a2 00229
00140114
003CZ-PrJAB
00520120824000000.0
008120824s1924 xxk e |||| |eng
009gb
035 . ‡a(CONS)4865
035 . ‡aKPS13949
040 . ‡aABG450
041 . ‡aeng
08214. ‡a220.61
100 . ‡77544 ‡aM¨Intyre, D.M.
245 . ‡aThe King¨s Writ : ‡bA Quarterly Journal of Bible Study. Vol.I 1923-24 ‡cD.M. M¨Intyre
260 . ‡aLondon and Glasgow ‡bPickering and Inglis ‡c1924
300 . ‡a296 p.
653 . ‡aThe King¨s Writ
8524 . ‡bETS ‡bETS ‡cVolný výběr ‡j220.61 ‡gA ‡p424470012863
910 . ‡aABG450
999 . ‡a4865 ‡bAUTOGEN ‡c4865 ‡tbiblio
905 . ‡uadmin
901 . ‡a40114 ‡b ‡c40114 ‡tbiblio ‡sets

Additional Resources